000 00262nam a22001217a 4500
008 180906b xxu||||| |||| 00| 0 eng d
041 _aeng
080 _a101
100 _a24
101 _aFIL
245 _aThe Story Philossophy
_cDurant.W
942 _2udc
_cBK
999 _c47568
_d47568